Zdaňovanie príjmov stálej prevádzkarne v SR diplomová práca

Na minha lista:
Detalhes bibliográficos
Autor principal: Kusendová, Petra
Autor Corporativo: Národohospodárska fakulta EU. Katedra financií
Outros Autores: Kubicová, Jana, 1961-
Formato: Livro
Idioma:eslovaco
Publicado em: Bratislava 2016
Tags: Adicionar Tag
Sem tags, seja o primeiro a adicionar uma tag!

MARC

LEADER 00000nbm a2200000 4500
001 0217977
005 20170104125605.6
041 0 |a slo 
044 |a SK 
245 1 0 |a Zdaňovanie príjmov stálej prevádzkarne v SR  |b diplomová práca  |c Petra Kusendová ; školiteľ: Jana Kubicová 
264 1 |a Bratislava  |c 2016 
300 |a 58 s. 
100 1 |a Kusendová, Petra 
700 1 |a Kubicová, Jana, 1961- 
710 2 |a Národohospodárska fakulta EU. Katedra financií